| 000 | 00733cam a22002294a 4500 | ||
|---|---|---|---|
| 001 | 12356431 | ||
| 005 | 20180124050002.0 | ||
| 008 | 010323s2002 njuab 001 0 eng | ||
| 010 | _a 2001021676 | ||
| 020 | _a0130271586 | ||
| 040 |
_aDLC _cDLC _dDLC |
||
| 041 | _aeng | ||
| 042 | _apcc | ||
| 080 | _a720.284 mul | ||
| 082 | 0 | 0 |
_a720.284 mul _221 |
| 100 | 1 | _a41 | |
| 101 | _aark | ||
| 245 | 1 | 0 |
_aArchitectural drawing and light construction / _cEdward J. Muller, James G. Fausett, Philip A. Grau, III. |
| 906 |
_a7 _bcbc _corignew _d1 _eocip _f20 _gy-gencatlg |
||
| 942 |
_2ddc _cBK |
||
| 999 |
_c40844 _d40844 |
||